Normal view
MARC view
Entry Personal Name
001 - CONTROL NUMBER
- control field: 534537
003 - CONTROL NUMBER IDENTIFIER
- control field: OSt
005 - DATE AND TIME OF LATEST TRANSACTION
- control field: 20220930074713.0
008 - FIXED-LENGTH DATA ELEMENTS
- fixed length control field: 220930|| aca||aabn | a|a d
040 ## - CATALOGING SOURCE
- Original cataloging agency: OSt
- Transcribing agency: OSt
100 ## - HEADING--PERSONAL NAME
- Personal name: Dr. M Kochar Gu
670 ## - SOURCE DATA FOUND
- Source citation: Work cat.: (OSt)866930: Kakar Rita 534536, Evaluation of cryosurgery in the treatment of cervical erosions and its comparison with electric cauterization, 1980
